00270nam a2200097 a 450000500170000000800410001705000220005810000160008024500390009626000370013520140414131929.0101108s19uu xx 00 eng d aM 741.5bF11 2000 aFain, David aSpongebob Squarepants trivia book. aNew York :bScholastic ,c2000.